| 000 | 00708cab a2200229 4500 | ||
|---|---|---|---|
| 001 | L159740 | ||
| 008 | 2016 | ||
| 035 | _a(Sirsi) u159740 | ||
| 041 | 0 | _aeng | |
| 100 | 1 | _aCrates, Emma | |
| 245 | 0 | 4 | _aThe complete graduate |
| 260 | _c2016 | ||
| 490 |
_aModus _vSeptember 2016, 14-17 (4) |
||
| 520 | _aA rapidly evolving industry is concerned that students are graduating with insufficient skills for the modern workplace. Time for a spot of revision? | ||
| 650 | 2 | 4 | _aHIGHER EDUCATION |
| 650 | 2 | 4 | _aSKILLS SHORTAGE |
| 650 | 2 | 4 | _aRECRUITMENT |
| 650 | 2 | 4 | _aFUTURE OF THE PROFESSION |
| 651 | 4 |
_aUnited Kingdom _y |
|
| 690 | _aBusiness and management | ||
| 942 | _n0 | ||
| 999 |
_c84951 _d84951 |
||